[Event "World Youth & Cadets Rapid Championships"]
[Site "Rhodes, Greece"]
[Date "2022.05.02"]
[Round "6.24"]
[White "Hanache, Kai"]
[Black "Negrean, Andrei"]
[Result "0-1"]
[TimeControl "10'/game & 5\"/move"]
[WhiteElo "1561"]
[BlackElo "1806"]

1. e4 {[%clk 00:10:08]} {[%emt 00:00:02]} c5 {[%clk 00:10:06]} {[%emt
00:00:05]} 2. Nf3 {[%clk 00:10:10]} {[%emt 00:00:02]} Nc6 {[%clk 00:09:58]}
{[%emt 00:00:13]} 3. Bb5 {[%clk 00:10:14]} {[%emt 00:00:01]} g6 {[%clk
00:10:00]} {[%emt 00:00:02]} 4. O-O {[%clk 00:10:17]} {[%emt 00:00:03]} Bg7
{[%clk 00:09:57]} {[%emt 00:00:08]} 5. c3 {[%clk 00:10:20]} {[%emt 00:00:02]}
Nf6 {[%clk 00:09:46]} {[%emt 00:00:15]} 6. Re1 {[%clk 00:10:21]} {[%emt
00:00:04]} O-O {[%clk 00:09:28]} {[%emt 00:00:23]} 7. h3 {[%clk 00:10:24]}
{[%emt 00:00:04]} a6 {[%clk 00:07:42]} {[%emt 00:01:50]} 8. Ba4 {[%clk
00:10:26]} {[%emt 00:00:03]} b5 {[%clk 00:07:27]} {[%emt 00:00:21]} 9. Bc2
{[%clk 00:10:28]} {[%emt 00:00:02]} d6 {[%clk 00:07:25]} {[%emt 00:00:08]} 10.
d4 {[%clk 00:10:28]} {[%emt 00:00:05]} Bb7 {[%clk 00:05:51]} {[%emt 00:01:38]}
11. a3 {[%clk 00:10:24]} {[%emt 00:00:09]} Rc8 {[%clk 00:05:08]} {[%emt
00:00:48]} 12. Bg5 {[%clk 00:10:12]} {[%emt 00:00:18]} h6 {[%clk 00:04:55]}
{[%emt 00:00:18]} 13. Bh4 {[%clk 00:10:09]} {[%emt 00:00:06]} Nh5 {[%clk
00:03:45]} {[%emt 00:01:15]} 14. Qd2 {[%clk 00:09:31]} {[%emt 00:00:44]} cxd4
{[%clk 00:01:53]} {[%emt 00:01:58]} 15. cxd4 {[%clk 00:09:31]} {[%emt
00:00:04]} g5 {[%clk 00:01:38]} {[%emt 00:00:20]} 16. Bg3 {[%clk 00:09:30]}
{[%emt 00:00:06]} Nxg3 {[%clk 00:01:39]} {[%emt 00:00:04]} 17. fxg3 {[%clk
00:09:33]} {[%emt 00:00:02]} Nxd4 {[%clk 00:00:49]} {[%emt 00:00:55]} 18. Nxd4
{[%clk 00:09:36]} {[%emt 00:00:01]} Qb6 {[%clk 00:00:26]} {[%emt 00:00:29]} 19.
Kh2 {[%clk 00:09:05]} {[%emt 00:00:35]} Qxd4 {[%clk 00:00:27]} {[%emt
00:00:05]} 20. Qd3 {[%clk 00:07:10]} {[%emt 00:02:01]} Qxd3 {[%clk 00:00:14]}
{[%emt 00:00:18]} 21. Bxd3 {[%clk 00:07:12]} {[%emt 00:00:02]} Bxb2 {[%clk
00:00:16]} {[%emt 00:00:03]} 22. Ra2 {[%clk 00:07:16]} {[%emt 00:00:02]} Be5
{[%clk 00:00:13]} {[%emt 00:00:02]} 23. Nd2 {[%clk 00:07:10]} {[%emt 00:00:17]}
Rc3 {[%clk 00:00:16]} {[%emt 00:00:01]} 24. Re3 {[%clk 00:06:37]} {[%emt
00:00:38]} Bd4 {[%clk 00:00:09]} {[%emt 00:00:12]} 25. Rf3 {[%clk 00:06:26]}
{[%emt 00:00:16]} f6 {[%clk 00:00:08]} {[%emt 00:00:06]} 26. h4 {[%clk
00:06:12]} {[%emt 00:00:19]} Rfc8 {[%clk 00:00:08]} {[%emt 00:00:06]} 27. hxg5
{[%clk 00:05:52]} {[%emt 00:00:25]} hxg5 {[%clk 00:00:12]} 28. Be2 {[%clk
00:05:41]} {[%emt 00:00:15]} Kg7 {[%clk 00:00:12]} {[%emt 00:00:06]} 29. g4
{[%clk 00:05:27]} {[%emt 00:00:19]} Rh8+ {[%clk 00:00:13]} {[%emt 00:00:03]} 30.
Kg3 {[%clk 00:05:29]} {[%emt 00:00:02]} Be5+ {[%clk 00:00:09]} {[%emt
00:00:11]} 31. Kf2 {[%clk 00:05:29]} {[%emt 00:00:04]} Rhc8 {[%clk 00:00:10]}
{[%emt 00:00:04]} 32. Bd3 {[%clk 00:04:50]} {[%emt 00:00:44]} Rc1 {[%clk
00:00:10]} {[%emt 00:00:05]} 33. Ke2 {[%clk 00:04:38]} {[%emt 00:00:16]} d5
{[%clk 00:00:09]} {[%emt 00:00:08]} 34. Ke3 {[%clk 00:03:15]} {[%emt 00:01:27]}
Bf4+ {[%clk 00:00:10]} {[%emt 00:00:04]} 35. Ke2 {[%clk 00:03:17]} {[%emt
00:00:04]} Bxd2 {[%clk 00:00:12]} {[%emt 00:00:03]} 36. Kxd2 {[%clk 00:03:07]}
{[%emt 00:00:13]} dxe4 {[%clk 00:00:14]} {[%emt 00:00:04]} 37. Re3 {[%clk
00:03:12]} exd3 {[%clk 00:00:08]} {[%emt 00:00:11]} 38. Rxe7+ {[%clk 00:03:15]}
{[%emt 00:00:01]} Kg6 {[%clk 00:00:13]} 39. Rxb7 {[%clk 00:03:18]} {[%emt
00:00:01]} R1c2+ {[%clk 00:00:11]} {[%emt 00:00:08]} 40. Rxc2 {[%clk 00:03:20]}
{[%emt 00:00:02]} Rxc2+ {[%clk 00:00:12]} {[%emt 00:00:05]} 41. Kxd3 {[%clk
00:03:24]} Rxg2 {[%clk 00:00:16]} 42. Rb6 {[%clk 00:03:22]} {[%emt 00:00:07]}
Rxg4 {[%clk 00:00:19]} {[%emt 00:00:01]} 43. Rxa6 {[%clk 00:03:25]} Ra4 {[%clk
00:00:22]} {[%emt 00:00:03]} 44. Rb6 {[%clk 00:03:19]} {[%emt 00:00:12]} Rxa3+
{[%clk 00:00:26]} 45. Ke4 {[%clk 00:03:22]} {[%emt 00:00:01]} Rb3 {[%clk
00:00:27]} {[%emt 00:00:04]} 46. Rb8 {[%clk 00:03:21]} {[%emt 00:00:06]} b4
{[%clk 00:00:26]} {[%emt 00:00:07]} 47. Rg8+ {[%clk 00:03:23]} {[%emt
00:00:02]} Kf7 {[%clk 00:00:30]} {[%emt 00:00:01]} 48. Rb8 {[%clk 00:03:27]}
{[%emt 00:00:01]} Rb1 {[%clk 00:00:34]} 49. Kf5 {[%clk 00:03:31]} Rf1+ {[%clk
00:00:34]} {[%emt 00:00:05]} 50. Kg4 {[%clk 00:03:31]} {[%emt 00:00:04]} Rf4+
{[%clk 00:00:37]} {[%emt 00:00:03]} 51. Kh5 {[%clk 00:03:35]} Rh4# {[%clk
00:00:39]} {[%emt 00:00:03]} 0-1

[Event "World Youth & Cadets Rapid Championships"]
[Site "Rhodes, Greece"]
[Date "2022.05.02"]
[Round "6.25"]
[White "Zhao, George"]
[Black "Golubovic, Erik"]
[Result "0-1"]
[TimeControl "10'/game & 5\"/move"]
[WhiteElo "1461"]
[BlackElo "1436"]

1. d4 {[%clk 00:10:09]} {[%emt 00:08:15]} Nf6 {[%clk 00:10:08]} 2. c4 {[%clk
00:10:12]} {[%emt 00:00:04]} e6 {[%clk 00:10:10]} 3. g3 {[%clk 00:10:15]}
{[%emt 00:00:04]} d5 {[%clk 00:10:13]} 4. Bg2 {[%clk 00:10:18]} {[%emt
00:00:03]} Be7 {[%clk 00:10:15]} 5. Nf3 {[%clk 00:10:21]} {[%emt 00:00:05]} O-O
{[%clk 00:10:18]} 6. O-O {[%clk 00:10:24]} {[%emt 00:00:05]} dxc4 {[%clk
00:10:21]} 7. Nbd2 {[%clk 00:10:26]} {[%emt 00:00:06]} b5 {[%clk 00:09:44]} 8.
Ne5 {[%clk 00:10:23]} {[%emt 00:00:49]} Nd5 {[%emt 00:00:11]} 9. a4 {[%clk
00:10:12]} {[%emt 00:00:07]} Bb7 {[%clk 00:08:47]} {[%emt 00:01:06]} 10. axb5
{[%clk 00:10:08]} {[%emt 00:00:08]} c3 {[%clk 00:08:38]} {[%emt 00:00:14]} 11.
bxc3 {[%clk 00:09:31]} {[%emt 00:00:42]} Nxc3 12. Bxb7 Nxd1 {[%clk 00:08:22]}
{[%emt 00:00:13]} 13. Rxd1 {[%clk 00:09:33]} {[%emt 00:00:02]} Qxd4 {[%clk
00:08:02]} {[%emt 00:00:26]} 14. Bb2 {[%clk 00:09:06]} {[%emt 00:00:32]} Qxb2
{[%clk 00:07:49]} {[%emt 00:00:18]} 15. Nd3 {[%clk 00:09:08]} {[%emt 00:00:03]}
Qxb5 {[%clk 00:06:41]} {[%emt 00:01:13]} 16. Bxa8 {[%clk 00:09:06]} {[%emt
00:00:07]} Nc6 {[%clk 00:04:44]} {[%emt 00:02:03]} 17. Rab1 {[%clk 00:08:43]}
{[%emt 00:00:25]} Qxb1 {[%clk 00:04:38]} {[%emt 00:00:14]} 18. Rxb1 {[%clk
00:08:43]} {[%emt 00:00:04]} Rxa8 {[%clk 00:04:42]} {[%emt 00:00:01]} 19. Rc1
{[%clk 00:08:40]} {[%emt 00:00:07]} Nb4 {[%clk 00:03:46]} {[%emt 00:01:03]} 20.
Rxc7 {[%clk 00:08:12]} {[%emt 00:00:33]} Nxd3 {[%clk 00:03:19]} {[%emt
00:00:31]} 21. Rxe7 {[%clk 00:08:10]} {[%emt 00:00:07]} Ne5 {[%clk 00:03:19]}
{[%emt 00:00:06]} 22. f4 {[%clk 00:08:00]} {[%emt 00:00:14]} Ng6 {[%clk
00:03:22]} {[%emt 00:00:03]} 23. Rb7 {[%clk 00:08:00]} {[%emt 00:00:04]} Kf8
{[%clk 00:03:15]} {[%emt 00:00:12]} 24. Nc4 {[%clk 00:07:59]} {[%emt 00:00:06]}
a5 {[%clk 00:02:45]} {[%emt 00:00:35]} 25. Nb6 {[%clk 00:07:12]} {[%emt
00:00:52]} Ra6 {[%clk 00:01:40]} {[%emt 00:01:10]} 26. Na4 {[%clk 00:06:51]}
{[%emt 00:00:24]} f6 {[%clk 00:01:25]} {[%emt 00:00:22]} 27. Rb5 {[%clk
00:06:23]} {[%emt 00:00:32]} Ne7 {[%clk 00:01:15]} {[%emt 00:00:16]} 28. Nc5
{[%clk 00:06:20]} {[%emt 00:00:07]} Ra8 {[%clk 00:00:50]} {[%emt 00:00:31]} 29.
Nxe6+ {[%clk 00:06:19]} {[%emt 00:00:05]} Kf7 {[%clk 00:00:54]} 30. Nc7 {[%clk
00:06:01]} {[%emt 00:00:23]} Ra7 {[%clk 00:00:52]} {[%emt 00:00:07]} 31. Rc5
{[%clk 00:05:47]} {[%emt 00:00:15]} a4 {[%clk 00:00:43]} {[%emt 00:00:18]} 32.
Nb5 {[%clk 00:05:50]} {[%emt 00:00:02]} Ra6 {[%clk 00:00:44]} {[%emt 00:00:05]}
33. Na3 {[%clk 00:05:41]} {[%emt 00:00:13]} Ke6 {[%emt 00:00:04]} 34. Rc4
{[%clk 00:05:39]} {[%emt 00:00:05]} Nd5 {[%clk 00:00:34]} {[%emt 00:00:18]} 35.
e4 {[%clk 00:05:25]} {[%emt 00:00:18]} Ne7 {[%clk 00:00:34]} {[%emt 00:00:06]}
36. Kf2 {[%clk 00:05:01]} {[%emt 00:00:29]} h5 {[%clk 00:00:34]} {[%emt
00:00:05]} 37. Ke3 {[%clk 00:05:00]} {[%emt 00:00:06]} Nc6 {[%clk 00:00:34]}
{[%emt 00:00:06]} 38. Nb5 {[%clk 00:04:17]} {[%emt 00:00:48]} Rb6 {[%clk
00:00:26]} {[%emt 00:00:13]} 39. Rxc6+ {[%clk 00:03:38]} {[%emt 00:00:44]} Rxc6
{[%clk 00:00:28]} {[%emt 00:00:02]} 40. Nd4+ {[%clk 00:03:42]} Kd6 {[%clk
00:00:31]} {[%emt 00:00:02]} 41. Nxc6 {[%clk 00:03:37]} {[%emt 00:00:10]} Kxc6
{[%clk 00:00:35]} 42. Kd4 {[%clk 00:03:38]} {[%emt 00:00:04]} a3 {[%clk
00:00:38]} {[%emt 00:00:02]} 43. Kc3 {[%clk 00:03:42]} {[%emt 00:00:01]} Kc5
{[%clk 00:00:40]} {[%emt 00:00:02]} 44. e5 {[%clk 00:03:32]} {[%emt 00:00:15]}
fxe5 {[%clk 00:00:44]} {[%emt 00:00:02]} 45. fxe5 {[%clk 00:03:35]} {[%emt
00:00:02]} Kd5 {[%clk 00:00:48]} 46. Kb3 {[%clk 00:03:38]} Kxe5 {[%clk
00:00:52]} 47. Kxa3 {[%clk 00:03:42]} Kf5 {[%clk 00:00:55]} {[%emt 00:00:02]}
48. Kb4 {[%clk 00:03:46]} {[%emt 00:00:01]} Kg4 {[%clk 00:00:59]} 49. Kc3
{[%clk 00:03:50]} {[%emt 00:00:01]} Kh3 {[%clk 00:01:03]} {[%emt 00:00:01]} 50.
Kd4 {[%clk 00:03:54]} Kxh2 {[%clk 00:01:06]} {[%emt 00:00:02]} 51. Ke3 {[%clk
00:03:53]} {[%emt 00:00:06]} Kxg3 {[%emt 00:00:02]} 52. Ke2 {[%clk 00:03:57]}
h4 {[%clk 00:01:14]} 53. Kf1 {[%clk 00:04:01]} Kh2 {[%clk 00:01:14]} {[%emt
00:00:05]} 54. Kf2 {[%clk 00:04:05]} {[%emt 00:00:01]} g5 {[%clk 00:01:18]} 55.
Kf3 {[%clk 00:04:08]} {[%emt 00:00:02]} h3 {[%clk 00:01:19]} {[%emt 00:00:04]}
56. Kf2 {[%clk 00:04:10]} {[%emt 00:00:02]} g4 {[%clk 00:01:24]} 57. Ke2 {[%clk
00:04:12]} {[%emt 00:00:03]} g3 {[%clk 00:01:28]} 58. Kd3 {[%clk 00:04:16]}
{[%emt 00:00:02]} g2 {[%clk 00:01:32]} 59. Ke4 {[%clk 00:04:20]} g1=Q {[%clk
00:01:36]} {[%emt 00:00:02]} 60. Ke5 {[%clk 00:04:24]} Qg4 {[%clk 00:01:38]}
{[%emt 00:00:02]} 61. Kd5 {[%clk 00:04:28]} {[%emt 00:00:01]} Kg3 {[%clk
00:01:42]} 62. Ke5 {[%clk 00:04:31]} {[%emt 00:00:02]} Kf3 {[%clk 00:01:45]}
{[%emt 00:00:02]} 63. Kd6 {[%clk 00:04:39]} {[%emt 00:00:04]} Qf5 {[%clk
00:01:52]} {[%emt 00:00:01]} 64. Kc6 {[%clk 00:04:42]} {[%emt 00:00:02]} Ke4
{[%clk 00:01:56]} 65. Kd6 {[%clk 00:04:46]} {[%emt 00:00:02]} Qd5+ {[%clk
00:01:59]} {[%emt 00:00:01]} 66. Ke7 {[%clk 00:04:48]} {[%emt 00:00:03]} Qc6
{[%clk 00:02:03]} 67. Kf7 {[%clk 00:04:52]} {[%emt 00:00:01]} Kf5 {[%clk
00:02:07]} {[%emt 00:00:01]} 68. Kg7 {[%clk 00:04:54]} {[%emt 00:00:02]} Qg6+
{[%clk 00:02:10]} {[%emt 00:00:02]} 69. Kf8 {[%clk 00:04:57]} {[%emt 00:00:03]}
Qh7 {[%clk 00:02:13]} {[%emt 00:00:01]} 70. Ke8 {[%clk 00:05:01]} {[%emt
00:00:02]} Ke6 {[%clk 00:02:16]} {[%emt 00:00:02]} 71. Kd8 {[%clk 00:05:03]}
{[%emt 00:00:02]} Qd7# {[%clk 00:02:20]} {[%emt 00:00:02]} 0-1

[Event "World Youth & Cadets Rapid Championships"]
[Site "Rhodes, Greece"]
[Date "2022.05.02"]
[Round "6.26"]
[White "Pawlicz, Filip"]
[Black "Beniosev, Daniel"]
[Result "1/2-1/2"]
[TimeControl "10'/game & 5\"/move"]
[WhiteElo "1446"]
[BlackElo "1427"]

1. e4 {[%clk 00:10:05]} {[%emt 00:00:04]} c5 {[%clk 00:10:00]} {[%emt
00:00:09]} 2. Nf3 {[%clk 00:10:08]} {[%emt 00:00:04]} e6 {[%clk 00:09:57]}
{[%emt 00:00:06]} 3. c4 {[%clk 00:10:08]} {[%emt 00:00:07]} Nc6 {[%clk
00:09:01]} {[%emt 00:01:00]} 4. Nc3 {[%clk 00:10:08]} {[%emt 00:00:05]} a6
{[%clk 00:08:58]} {[%emt 00:00:08]} 5. Be2 {[%clk 00:10:00]} {[%emt 00:00:14]}
Qc7 {[%clk 00:08:49]} {[%emt 00:00:11]} 6. O-O {[%clk 00:09:57]} {[%emt
00:00:10]} Nf6 {[%clk 00:08:46]} {[%emt 00:00:06]} 7. d4 {[%clk 00:09:52]}
{[%emt 00:00:12]} cxd4 {[%clk 00:08:02]} {[%emt 00:00:49]} 8. Nxd4 {[%clk
00:09:53]} {[%emt 00:00:04]} Be7 {[%clk 00:07:57]} {[%emt 00:00:09]} 9. Be3
{[%clk 00:09:49]} {[%emt 00:00:10]} h6 {[%clk 00:07:29]} {[%emt 00:00:32]} 10.
Rc1 {[%clk 00:09:33]} {[%emt 00:00:23]} g5 {[%clk 00:07:00]} {[%emt 00:00:32]}
11. Nxc6 {[%clk 00:08:16]} {[%emt 00:01:23]} bxc6 {[%clk 00:06:48]} {[%emt
00:00:16]} 12. Qd2 {[%clk 00:08:01]} {[%emt 00:00:22]} d6 {[%clk 00:06:34]}
{[%emt 00:00:19]} 13. f3 {[%clk 00:07:43]} {[%emt 00:00:22]} e5 {[%clk
00:06:32]} {[%emt 00:00:08]} 14. c5 {[%clk 00:07:36]} {[%emt 00:00:12]} dxc5
{[%clk 00:05:40]} {[%emt 00:00:57]} 15. Na4 {[%clk 00:07:39]} {[%emt 00:00:02]}
Be6 {[%clk 00:05:38]} {[%emt 00:00:07]} 16. Nxc5 {[%clk 00:07:28]} {[%emt
00:00:16]} Bxa2 {[%clk 00:03:56]} {[%emt 00:01:46]} 17. b3 {[%clk 00:06:57]}
{[%emt 00:00:36]} Bxc5 {[%clk 00:03:59]} {[%emt 00:00:03]} 18. Rxc5 {[%clk
00:07:00]} {[%emt 00:00:02]} Bxb3 {[%clk 00:04:03]} {[%emt 00:00:02]} 19. Qc3
{[%clk 00:07:04]} Be6 {[%clk 00:03:24]} {[%emt 00:00:44]} 20. Rxc6 {[%clk
00:06:53]} {[%emt 00:00:16]} Qb7 {[%clk 00:03:12]} {[%emt 00:00:16]} 21. Rb6
{[%clk 00:06:21]} {[%emt 00:00:36]} Qe7 {[%clk 00:02:19]} {[%emt 00:00:58]} 22.
Qxe5 {[%clk 00:06:10]} {[%emt 00:00:17]} Rg8 {[%clk 00:02:17]} {[%emt
00:00:08]} 23. Bc5 {[%clk 00:06:06]} {[%emt 00:00:09]} Nd7 {[%clk 00:01:57]}
{[%emt 00:00:25]} 24. Bxe7 {[%clk 00:05:36]} {[%emt 00:00:35]} Nxe5 {[%clk
00:02:01]} {[%emt 00:00:02]} 25. Bd6 {[%clk 00:05:35]} {[%emt 00:00:05]} Nc4
{[%clk 00:02:02]} {[%emt 00:00:05]} 26. Rc6 {[%clk 00:05:09]} {[%emt 00:00:30]}
Nxd6 {[%clk 00:02:05]} {[%emt 00:00:03]} 27. Rxd6 {[%clk 00:05:10]} {[%emt
00:00:04]} a5 {[%clk 00:02:09]} {[%emt 00:00:01]} 28. Ra1 {[%clk 00:05:07]}
{[%emt 00:00:07]} Ke7 {[%clk 00:02:12]} {[%emt 00:00:02]} 29. Ra6 {[%clk
00:05:01]} {[%emt 00:00:12]} Rxa6 {[%clk 00:01:59]} {[%emt 00:00:17]} 30. Bxa6
{[%clk 00:05:03]} {[%emt 00:00:04]} Ra8 {[%clk 00:02:02]} {[%emt 00:00:01]} 31.
Bb5 {[%clk 00:04:26]} {[%emt 00:00:41]} Bd7 {[%clk 00:02:03]} {[%emt 00:00:05]}
32. Ba4 {[%clk 00:04:12]} {[%emt 00:00:19]} Bxa4 {[%clk 00:02:06]} {[%emt
00:00:02]} 33. Rxa4 {[%clk 00:04:16]} {[%emt 00:00:02]} Kd6 {[%clk 00:02:11]}
34. Kf2 {[%clk 00:04:16]} {[%emt 00:00:05]} Kc5 {[%clk 00:02:15]} 35. Ke3
{[%clk 00:04:18]} {[%emt 00:00:02]} Kb5 {[%clk 00:02:20]} 36. Ra1 {[%clk
00:04:20]} {[%emt 00:00:03]} a4 {[%clk 00:02:24]} {[%emt 00:00:02]} 37. Kd4
{[%clk 00:04:21]} {[%emt 00:00:02]} Rc8 {[%clk 00:02:19]} {[%emt 00:00:09]} 38.
Rb1+ {[%clk 00:04:18]} {[%emt 00:00:09]} Ka5 {[%clk 00:02:24]} 39. Ra1 {[%clk
00:03:50]} {[%emt 00:00:33]} Kb4 {[%clk 00:02:27]} {[%emt 00:00:02]} 40. Rb1+
{[%clk 00:03:53]} {[%emt 00:00:01]} Ka3 {[%clk 00:02:31]} {[%emt 00:00:02]} 41.
g3 {[%clk 00:03:41]} {[%emt 00:00:17]} Ka2 {[%clk 00:02:34]} {[%emt 00:00:02]}
42. Rb7 {[%clk 00:03:37]} {[%emt 00:00:09]} a3 {[%clk 00:02:35]} {[%emt
00:00:05]} 43. f4 {[%clk 00:03:36]} {[%emt 00:00:05]} gxf4 {[%clk 00:02:35]}
{[%emt 00:00:06]} 44. gxf4 {[%clk 00:03:40]} {[%emt 00:00:01]} Rc2 {[%clk
00:02:38]} {[%emt 00:00:02]} 45. e5 {[%clk 00:03:38]} {[%emt 00:00:06]} Rb2
{[%clk 00:02:42]} {[%emt 00:00:01]} 46. Ra7 {[%clk 00:03:41]} {[%emt 00:00:03]}
Rb3 {[%clk 00:02:45]} {[%emt 00:00:02]} 47. f5 {[%clk 00:03:40]} {[%emt
00:00:06]} Kb2 {[%clk 00:02:49]} {[%emt 00:00:01]} 48. e6 {[%clk 00:03:40]}
{[%emt 00:00:04]} fxe6 {[%clk 00:02:52]} {[%emt 00:00:02]} 49. fxe6 {[%clk
00:03:42]} {[%emt 00:00:03]} Rb8 {[%clk 00:02:54]} {[%emt 00:00:03]} 50. Ke5
{[%clk 00:03:00]} {[%emt 00:00:48]} a2 {[%clk 00:02:58]} {[%emt 00:00:01]} 51.
Kf6 {[%clk 00:03:02]} {[%emt 00:00:03]} h5 {[%clk 00:02:55]} {[%emt 00:00:08]}
52. h4 {[%clk 00:02:54]} {[%emt 00:00:13]} a1=Q {[%clk 00:02:59]} {[%emt
00:00:01]} 53. Rxa1 {[%clk 00:02:57]} {[%emt 00:00:02]} Kxa1 {[%clk 00:03:02]}
{[%emt 00:00:02]} 54. Kf7 {[%clk 00:03:01]} {[%emt 00:00:02]} Kb2 {[%clk
00:03:03]} {[%emt 00:00:04]} 55. e7 {[%clk 00:03:05]} {[%emt 00:00:01]} Rb7
{[%clk 00:03:06]} 56. Kf8 {[%clk 00:02:51]} {[%emt 00:00:20]} Rxe7 {[%clk
00:02:44]} {[%emt 00:00:27]} 57. Kxe7 {[%clk 00:02:54]} {[%emt 00:00:02]} Kc3
{[%clk 00:02:49]} 58. Kf6 {[%clk 00:02:57]} {[%emt 00:00:01]} Kd4 {[%emt
00:00:02]} 59. Kg6 {[%clk 00:02:58]} {[%emt 00:00:02]} Ke5 {[%clk 00:02:58]}
1/2-1/2

[Event "World Youth & Cadets Rapid Championships"]
[Site "Rhodes, Greece"]
[Date "2022.05.02"]
[Round "6.27"]
[White "Ashwath, Kaushik"]
[Black "Safin, Safarullakhan"]
[Result "1-0"]
[TimeControl "10'/game & 5\"/move"]
[WhiteElo "1283"]
[BlackElo "1355"]

1. e4 {[%clk 00:10:07]} {[%emt 00:00:02]} e6 {[%clk 00:10:09]} {[%emt
00:00:02]} 2. d4 {[%clk 00:10:09]} {[%emt 00:00:03]} d5 {[%clk 00:10:09]}
{[%emt 00:00:05]} 3. Nd2 {[%clk 00:10:12]} {[%emt 00:00:03]} Nf6 {[%clk
00:10:09]} {[%emt 00:00:05]} 4. e5 {[%clk 00:10:14]} {[%emt 00:00:02]} Nfd7
{[%clk 00:10:09]} {[%emt 00:00:06]} 5. f4 {[%clk 00:10:13]} {[%emt 00:00:05]}
c5 {[%clk 00:10:08]} {[%emt 00:00:06]} 6. c3 {[%clk 00:10:14]} {[%emt
00:00:03]} Nc6 {[%clk 00:10:06]} {[%emt 00:00:07]} 7. Ndf3 {[%clk 00:10:14]}
{[%emt 00:00:05]} Qb6 {[%clk 00:10:02]} {[%emt 00:00:10]} 8. a3 {[%clk
00:10:15]} {[%emt 00:00:04]} a5 {[%clk 00:09:54]} {[%emt 00:00:13]} 9. h4
{[%clk 00:09:54]} {[%emt 00:00:26]} Be7 {[%clk 00:09:39]} {[%emt 00:00:20]} 10.
h5 {[%clk 00:09:17]} {[%emt 00:00:41]} h6 {[%clk 00:09:36]} {[%emt 00:00:09]}
11. g4 {[%clk 00:08:18]} {[%emt 00:01:02]} cxd4 {[%clk 00:09:32]} {[%emt
00:00:11]} 12. cxd4 {[%clk 00:08:19]} {[%emt 00:00:04]} Qc7 {[%clk 00:08:18]}
{[%emt 00:01:19]} 13. Bd3 {[%clk 00:08:07]} {[%emt 00:00:15]} b6 {[%clk
00:07:44]} {[%emt 00:00:41]} 14. Ne2 {[%clk 00:07:55]} {[%emt 00:00:16]} Bb7
{[%clk 00:07:36]} {[%emt 00:00:14]} 15. Nc3 {[%clk 00:07:22]} {[%emt 00:00:37]}
Na7 {[%clk 00:06:48]} {[%emt 00:00:54]} 16. Bd2 {[%clk 00:06:38]} {[%emt
00:00:48]} Bc6 {[%clk 00:06:27]} {[%emt 00:00:27]} 17. Rc1 {[%clk 00:06:13]}
{[%emt 00:00:30]} Qb7 {[%clk 00:06:05]} {[%emt 00:00:27]} 18. f5 {[%clk
00:04:35]} {[%emt 00:01:41]} Nf8 {[%clk 00:05:25]} {[%emt 00:00:46]} 19. Rf1
{[%clk 00:03:28]} {[%emt 00:01:12]} exf5 {[%clk 00:04:53]} {[%emt 00:00:37]} 20.
gxf5 {[%clk 00:03:08]} {[%emt 00:00:25]} Nh7 {[%clk 00:04:30]} {[%emt
00:00:29]} 21. Rg1 {[%clk 00:02:38]} {[%emt 00:00:33]} Bf8 {[%clk 00:03:40]}
{[%emt 00:00:57]} 22. Qe2 {[%clk 00:01:48]} {[%emt 00:00:54]} O-O-O {[%clk
00:03:08]} {[%emt 00:00:38]} 23. Ba6 {[%clk 00:01:41]} {[%emt 00:00:12]} Kb8
{[%clk 00:02:39]} {[%emt 00:00:35]} 24. Bxb7 {[%clk 00:01:39]} {[%emt
00:00:07]} Bxb7 {[%clk 00:02:42]} {[%emt 00:00:01]} 25. e6 {[%clk 00:01:36]}
{[%emt 00:00:08]} fxe6 {[%clk 00:02:27]} {[%emt 00:00:20]} 26. fxe6 {[%clk
00:01:30]} {[%emt 00:00:11]} Re8 {[%clk 00:02:11]} {[%emt 00:00:22]} 27. Qe5+
{[%clk 00:01:32]} {[%emt 00:00:02]} Ka8 {[%clk 00:02:10]} {[%emt 00:00:06]} 28.
Nxd5 {[%clk 00:01:20]} {[%emt 00:00:16]} Nc6 {[%clk 00:01:48]} {[%emt
00:00:28]} 29. Nc7+ {[%clk 00:01:13]} {[%emt 00:00:11]} Ka7 {[%clk 00:01:50]}
{[%emt 00:00:04]} 30. Rxc6 {[%clk 00:01:12]} {[%emt 00:00:06]} Bxc6 {[%clk
00:01:48]} {[%emt 00:00:07]} 31. Nxe8 {[%clk 00:01:13]} {[%emt 00:00:04]} Bxf3
{[%clk 00:01:38]} {[%emt 00:00:15]} 32. Rxg7+ {[%clk 00:01:09]} {[%emt
00:00:08]} Bxg7 {[%clk 00:01:21]} {[%emt 00:00:22]} 33. Qxg7+ {[%clk 00:01:11]}
{[%emt 00:00:04]} Bb7 {[%clk 00:01:21]} {[%emt 00:00:05]} 34. Qxh8 {[%clk
00:01:10]} {[%emt 00:00:05]} Ng5 {[%clk 00:01:19]} {[%emt 00:00:08]} 35. Bxg5
{[%clk 00:01:10]} {[%emt 00:00:05]} hxg5 {[%clk 00:01:16]} {[%emt 00:00:07]} 36.
e7 {[%clk 00:01:13]} {[%emt 00:00:03]} g4 {[%clk 00:01:14]} {[%emt 00:00:08]}
37. Nf6 {[%clk 00:01:12]} {[%emt 00:00:05]} Bc6 {[%clk 00:01:05]} {[%emt
00:00:15]} 38. e8=R {[%clk 00:01:03]} {[%emt 00:00:14]} Bxe8 {[%clk 00:01:01]}
{[%emt 00:00:08]} 39. Qxe8 {[%clk 00:01:05]} {[%emt 00:00:02]} g3 {[%clk
00:01:03]} {[%emt 00:00:05]} 40. d5 {[%clk 00:01:05]} {[%emt 00:00:05]} g2
{[%clk 00:01:05]} {[%emt 00:00:02]} 41. Kf2 {[%clk 00:01:08]} {[%emt 00:00:02]}
g1=Q+ {[%clk 00:01:03]} {[%emt 00:00:06]} 42. Kxg1 {[%clk 00:01:07]} {[%emt
00:00:06]} Kb7 {[%clk 00:01:03]} {[%emt 00:00:06]} 43. d6 {[%clk 00:01:09]}
{[%emt 00:00:04]} Ka7 {[%clk 00:01:03]} {[%emt 00:00:04]} 44. d7 {[%clk
00:01:12]} {[%emt 00:00:02]} b5 {[%clk 00:01:00]} {[%emt 00:00:09]} 45. d8=Q
{[%clk 00:01:09]} {[%emt 00:00:08]} Ka6 {[%clk 00:00:56]} {[%emt 00:00:08]} 46.
Qc6+ {[%clk 00:01:08]} {[%emt 00:00:06]} Ka7 {[%clk 00:00:59]} {[%emt
00:00:03]} 47. Qdb6# {[%clk 00:01:11]} {[%emt 00:00:02]} 1-0